Abstract algebra /
Guardado en:
| Autor Principal: | |
|---|---|
| Otros Autores: | |
| Formato: | Libro |
| Idioma: | English |
| Publicado: |
Hoboken, NJ :
Wiley,
c2004.
|
| Edición: | 3rd ed. |
| Materias: | |
| Acceso en línea: | Publisher description Table of contents |
| Etiquetas: |
Agregar Etiqueta
Sin Etiquetas, Sea el primero en etiquetar este registro!
|
| LEADER | 00883cam a2200253 a 4500 | ||
|---|---|---|---|
| 001 | MAT.inmabb006363 | ||
| 008 | 030701s2004####njua##########001#0#eng## | ||
| 005 | 20180502182822.0 | ||
| 245 | 1 | 0 | |a Abstract algebra / |c David S. Dummit, Richard M. Foote. |
| 250 | |a 3rd ed. | ||
| 260 | |a Hoboken, NJ : |b Wiley, |c c2004. | ||
| 300 | |a xii, 932 p. : |b il. ; |c 25 cm. | ||
| 500 | |a Incluye índice. | ||
| 510 | 4 | |a MR, |c 2007h:00003 | |
| 020 | |a 0471433349 | ||
| 100 | 1 | |a Dummit, David Steven. | |
| 700 | 1 | |a Foote, Richard M., |d 1950- | |
| 650 | 0 | |a Algebra, Abstract. | |
| 084 | |a 00-01 (16-01 20-01) |2 msc2000 | ||
| 010 | |a 2003057652 | ||
| 040 | |a DLC |c DLC |d DLC | ||
| 856 | 4 | 2 | |3 Publisher description |u http://www.loc.gov/catdir/description/wiley039/2003057652.html |
| 856 | 4 | 1 | |3 Table of contents |u http://www.loc.gov/catdir/toc/wiley032/2003057652.html |
| 859 | |h 00A05A |i D889-3 |p A-8606 |b BIB. MATEMATICA | ||
